| Tag |
First Indicator |
Second Indicator |
Subfields |
| LEADER |
00000cam a2200000 i 4500 |
| 001 |
in00000720418 |
| 005 |
20151016060935.0 |
| 008 |
781221s1884 nyuc 00010aeng d |
| 010 |
|
|
|a 03003225
|
| 035 |
|
|
|a (OCoLC)04481358
|
| 035 |
|
|
|9 ADD1263AM
|
| 040 |
|
|
|a AKR
|c AKR
|d TXA
|d UtOrBLW
|
| 049 |
|
|
|a TXAM
|v 1 [218593]
|v 2 [218594]
|v 3 [218595]
|v 4 [218596]
|v 5 [218597]
|
| 090 |
|
|
|a DA506.W9
|b A2 1884
|
| 092 |
|
|
|a 942.073
|b W943h
|
| 100 |
1 |
|
|a Wraxall, Nathaniel William,
|c Sir,
|d 1751-1831.
|
| 245 |
1 |
4 |
|a The historical and the posthumous memoirs /
|c ed., with notes and additional chapters from the author's unpublished ms., by Henry B. Wheatley.
|
| 264 |
|
1 |
|a New York :
|b Scribner & Welford;
|a London :
|b Bickers,
|c 1884.
|
| 300 |
|
|
|a 5 volumes :
|b portraits ;
|c 24 cm.
|
| 336 |
|
|
|a text
|b txt
|2 rdacontent
|
| 337 |
|
|
|a unmediated
|b n
|2 rdamedia
|
| 338 |
|
|
|a volume
|b nc
|2 rdacarrier
|
| 500 |
|
|
|a From 1772-1779 the memoirs treat principally of the author's travels on the continent. The posthumous memoirs cover the period 1784-1789.
|
| 651 |
|
0 |
|a Great Britain
|x History
|y 1760-1789.
|
| 700 |
1 |
|
|a Wheatley, Henry B.
|q (Henry Benjamin),
|d 1838-1917.
|
| 999 |
|
|
|a MARS
|
| 999 |
f |
f |
|s 4a0773d9-ec68-355c-9ae6-2c3d2b82885a
|i f763ea44-3b2e-3761-b857-e4a737943d0d
|t 0
|
| 952 |
f |
f |
|p normal
|a Texas A&M University
|b College Station
|c Sterling C. Evans Library
|d Evans: Library Stacks
|t 0
|e DA506.W9 A2 1884
|h Library of Congress classification
|i unmediated -- volume
|k v.4
|m A14801481688
|
| 952 |
f |
f |
|p normal
|a Texas A&M University
|b College Station
|c Sterling C. Evans Library
|d Evans: Library Stacks
|t 0
|e DA506.W9 A2 1884
|h Library of Congress classification
|i unmediated -- volume
|k v.5
|m A14801481696
|
| 952 |
f |
f |
|p normal
|a Texas A&M University
|b College Station
|c Sterling C. Evans Library
|d Evans: Library Stacks
|t 0
|e DA506.W9 A2 1884
|h Library of Congress classification
|i unmediated -- volume
|k v.2
|m A14801481662
|
| 952 |
f |
f |
|p normal
|a Texas A&M University
|b College Station
|c Sterling C. Evans Library
|d Evans: Library Stacks
|t 0
|e DA506.W9 A2 1884
|h Library of Congress classification
|i unmediated -- volume
|k v.1
|m A14801481654
|
| 952 |
f |
f |
|p normal
|a Texas A&M University
|b College Station
|c Sterling C. Evans Library
|d Evans: Library Stacks
|t 0
|e DA506.W9 A2 1884
|h Library of Congress classification
|i unmediated -- volume
|k v.3
|m A14801481670
|
| 998 |
f |
f |
|a DA506.W9 A2 1884
|s v.1-v.5
|t 0
|l Evans: Library Stacks
|